[Event "Philadelphia Open"]
[Site "Philadelphia"]
[Date "2013.03.31"]
[Round "9"]
[White "Balasubramanian, A."]
[Black "Bartell, Thomas"]
[Result "1/2-1/2"]
[WhiteElo "2351"]
[BlackElo "2381"]
[PlyCount "48"]
[EventDate "2013.03.??"]
[EventType "swiss"]
[EventRounds "9"]
[EventCountry "USA"]
[Source "MonRoi"]

1. Nf3 c5 2. g3 Nc6 3. d4 cxd4 4. Nxd4 g6 5. Bg2 Bg7 6. Nb3 Nf6 7. c4 O-O 8.
O-O d6 9. Nc3 a5 10. Na4 Bf5 11. Be3 Nd7 12. Rc1 Rc8 13. Qd2 b6 14. Bh6 Nc5 15.
Bxg7 Kxg7 16. Nd4 Nxd4 17. Qxd4+ e5 18. Qd1 Nxa4 19. Qxa4 Rc5 20. Qa3 h5 21. h4
Be6 22. b3 Qc7 23. Rcd1 Rd8 24. Rd2 Kg8 1/2-1/2

[Event "Philadelphia Open"]
[Site "Philadelphia"]
[Date "2013.03.31"]
[Round "9"]
[White "Chandra, Akshat"]
[Black "Rizzitano, James"]
[Result "1/2-1/2"]
[WhiteElo "2265"]
[BlackElo "2322"]
[PlyCount "68"]
[EventDate "2013.03.??"]
[EventType "swiss"]
[EventRounds "9"]
[EventCountry "USA"]
[Source "MonRoi"]

1. e4 e5 2. Nf3 Nc6 3. Bb5 f5 4. Nc3 fxe4 5. Nxe4 Nf6 6. Nxf6+ Qxf6 7. Qe2 Be7
8. Bxc6 dxc6 9. Nxe5 Bf5 10. d4 O-O-O 11. Be3 c5 12. O-O-O cxd4 13. Bxd4 Qg5+
14. Kb1 Qxg2 15. Nf7 Bg4 16. Qe3 Bxd1 17. Rxd1 Bf6 18. Nxd8 Rxd8 19. c3 Qg6+
20. Kc1 Bxd4 21. Rxd4 Re8 22. Qh3+ Kb8 23. Qh4 b6 24. Rd8+ Kb7 25. Rxe8 Qxe8
26. Qxh7 Qe1+ 27. Kc2 Qxf2+ 28. Kc1 Qf4+ 29. Kc2 g5 30. Qh3 Qe4+ 31. Qd3 Qa4+
32. Kb1 a5 33. Qf3+ Kb8 34. h3 Qb5 1/2-1/2

[Event "Philadelphia Open"]
[Site "Philadelphia"]
[Date "2013.03.31"]
[Round "9"]
[White "Homa, Seth"]
[Black "Song, Michael"]
[Result "1/2-1/2"]
[WhiteElo "2307"]
[BlackElo "2189"]
[PlyCount "53"]
[EventDate "2013.03.??"]
[EventType "swiss"]
[EventRounds "9"]
[EventCountry "USA"]
[Source "MonRoi"]

1. e4 e5 2. Nf3 Nc6 3. Bb5 f5 4. Nc3 fxe4 5. Nxe4 Nf6 6. Qe2 d5 7. Nxf6+ gxf6
8. d4 Bg7 9. dxe5 O-O 10. e6 Re8 11. O-O Bxe6 12. Bxc6 bxc6 13. Nd4 Qd7 14.
Nxe6 Qxe6 15. Qxe6+ Rxe6 16. Bf4 Re2 17. Rac1 f5 18. Rfe1 Rae8 19. Kf1 Rxe1+
20. Rxe1 Rxe1+ 21. Kxe1 Bxb2 22. Bxc7 Kf7 23. Ke2 Bd4 24. f3 Ke6 25. Bb8 a6 26.
g3 Bf6 27. Kd3 1/2-1/2

[Event "Philadelphia Open"]
[Site "Philadelphia"]
[Date "2013.03.31"]
[Round "9"]
[White "Hua, David"]
[Black "Coraretti, Benjamin"]
[Result "1/2-1/2"]
[WhiteElo "2256"]
[BlackElo "2123"]
[PlyCount "45"]
[EventDate "2013.03.??"]
[EventType "swiss"]
[EventRounds "9"]
[EventCountry "USA"]
[Source "MonRoi"]

1. Nc3 d5 2. e4 e6 3. d4 Bb4 4. e5 Ne7 5. a3 Bxc3+ 6. bxc3 c5 7. a4 Qa5 8. Bd2
Bd7 9. Nf3 h6 10. h4 Nbc6 11. Qc1 Rc8 12. Qa3 O-O 13. Rb1 Nd8 14. Bb5 Qc7 15.
Bxd7 Qxd7 16. dxc5 Qc7 17. Be3 Ng6 18. Bd4 Nc6 19. O-O Ncxe5 20. Nxe5 Nxe5 21.
Bxe5 Qxe5 22. Rxb7 Rc7 23. Qb4 1/2-1/2

[Event "Philadelphia Open"]
[Site "Philadelphia"]
[Date "2013.03.31"]
[Round "9"]
[White "Williams, Justus"]
[Black "Schut, Lisa"]
[Result "1-0"]
[WhiteElo "2188"]
[BlackElo "2289"]
[PlyCount "57"]
[EventDate "2013.03.??"]
[EventType "swiss"]
[EventRounds "9"]
[EventCountry "USA"]
[Source "MonRoi"]

1. Nf3 Nf6 2. c4 g6 3. g3 c6 4. Bg2 Bg7 5. O-O O-O 6. Nc3 d5 7. cxd5 cxd5 8. d4
Nc6 9. Ne5 e6 10. Nxc6 bxc6 11. Na4 Nd7 12. Bf4 Ba6 13. Re1 Rc8 14. Rc1 Re8 15.
Qd2 Bb5 16. Nc3 Qb6 17. Red1 Qb7 18. e4 f5 19. exd5 cxd5 20. Bg5 Nb8 21. Re1
Bd7 22. h4 Nc6 23. Bh6 Bf6 24. Bg5 Bh8 25. Nxd5 exd5 26. Bxd5+ Kf8 27. Bh6+ Bg7
28. Qg5 Be6 29. Qf6+ 1-0

[Event "Philadelphia Open"]
[Site "Philadelphia"]
[Date "2013.03.31"]
[Round "9"]
[White "Barnett, Alex"]
[Black "Leon, Isaac"]
[Result "1-0"]
[WhiteElo "2214"]
[BlackElo "2107"]
[PlyCount "59"]
[EventDate "2013.03.??"]
[EventType "swiss"]
[EventRounds "9"]
[EventCountry "USA"]
[Source "MonRoi"]

1. e4 c5 2. Nf3 Nc6 3. Nc3 e6 4. d4 cxd4 5. Nxd4 a6 6. Be3 Qc7 7. Qd2 Nf6 8. f3
Bb4 9. a3 Be7 10. g4 h6 11. O-O-O Ne5 12. g5 hxg5 13. Bxg5 b5 14. f4 Nc4 15.
Bxc4 bxc4 16. e5 Rb8 17. exf6 gxf6 18. Nf5 fxg5 19. Nxe7 Kxe7 20. fxg5 Bb7 21.
Qd4 Rbf8 22. Rhf1 Kd8 23. Rxf7 Rxf7 24. Qxh8+ Ke7 25. g6 Qf4+ 26. Kb1 Qf6 27.
Qb8 Qxg6 28. Qxb7 Rf2 29. Rxd7+ Ke8 30. Qc8# 1-0